SDLT alert (2) (Record no. 76407)
[ view plain ]
| 000 -LEADER | |
|---|---|
| fixed length control field | 00804cab a2200181 4500 |
| 001 - CONTROL NUMBER | |
| control field | ##L132347 |
| 008 - FIXED-LENGTH DATA ELEMENTS--GENERAL INFORMATION | |
| fixed length control field | 060130n2006 000 0 eng u |
| 035 ## - SYSTEM CONTROL NUMBER | |
| System control number | (Sirsi) u132347 |
| 041 0# - LANGUAGE CODE | |
| Language code of text/sound track or separate title | eng |
| 100 1# - MAIN ENTRY--PERSONAL NAME | |
| Personal name | Nock, R. S. |
| 245 00 - TITLE STATEMENT | |
| Title | SDLT alert (2) |
| 260 ## - PUBLICATION, DISTRIBUTION, ETC. | |
| Date of publication, distribution, etc. | 2006 |
| 490 #0 - SERIES STATEMENT | |
| Series statement | Solicitors' Journal |
| Volume/sequential designation | 150(3), 27 January 2006, 81-83(3) |
| 520 ## - SUMMARY, ETC. | |
| Summary, etc. | The Stamp Duty Land Tax has recently undergone another amendment in a bid to provide a suitable system for taxing leases. Although it is the fifth attempt at ironing out the errors, it is argued that many charging and compliancy problems will remain. This is the second of a two-part feature, concentrating on the subject of compliance and completion of the tax form. |
| 590 ## - LOCAL NOTE (RLIN) | |
| Local note | IKA310106 |
| 690 ## - LOCAL SUBJECT ADDED ENTRY--TOPICAL TERM (OCLC, RLIN) | |
| Topical term or geographic name as entry element | PROPERTY-PROPERTY TAXATION |
| 942 ## - ADDED ENTRY ELEMENTS (KOHA) | |
| Suppress in OPAC | 0 |
| Withdrawn status | Lost status | Source of classification or shelving scheme | Damaged status | Not for loan | Home library | Current library | Shelving location | Date acquired | Total Checkouts | Full call number | Barcode | Date last seen | Copy number | Price effective from | Koha item type |
|---|---|---|---|---|---|---|---|---|---|---|---|---|---|---|---|
| Dewey Decimal Classification | London | London | Journal article | 30/01/2006 | L132347 | 132347-1001 | 06/08/2019 | 1 | 06/08/2019 | Journal article |